[Event "Championnat de France - Accession"]
[Site "Belfort - SNPHHUATVS"]
[Date "2010.??.??"]
[Round "8.10"]
[White "Camus, Berenger"]
[Black "Demuth, Adrien"]
[Result "1/2-1/2"]
[WhiteElo "2212"]
[BlackElo "2394"]
[PlyCount "32"]

1. d4 Nf6 2. c4 g6 3. Nc3 d5 4. Bf4 Bg7 5. e3 c5 6. dxc5 Qa5 7. Rc1 dxc4 8.
Bxc4 O-O 9. Nf3 Qxc5 10. Qe2 Nc6 11. O-O Bg4 12. Bg3 Qh5 13. Rfd1 Rac8 14. h3
Bxf3 15. Qxf3 Ne5 16. Qxh5 Nxh5 1/2-1/2

[Event "Championnat de France - Accession"]
[Site "Belfort - SNPHHUATVS"]
[Date "2010.??.??"]
[Round "8.11"]
[White "Saada, Julien"]
[Black "Brethes, Francois"]
[Result "1-0"]
[WhiteElo "2304"]
[BlackElo "2238"]
[PlyCount "45"]

1. d4 d6 2. e4 Nf6 3. Nc3 g6 4. Nf3 Bg7 5. Be2 O-O 6. O-O Bg4 7. Be3 Nc6 8. d5
Nb8 9. Nd4 Bxe2 10. Qxe2 c5 11. Nf3 Nbd7 12. Nd2 Qa5 13. f3 Rfb8 14. a4 Ne8 15.
Nc4 Qa6 16. Nb5 Nb6 17. Nxb6 Qxb6 18. c3 a6 19. Na3 Qb3 20. Nc4 Bxc3 21. Ra3
Qxa3 22. Nxa3 Bg7 23. Rb1 1-0

[Event "Championnat de France - Accession"]
[Site "Belfort - SNPHHUATVS"]
[Date "2010.??.??"]
[Round "8.12"]
[White "Domenech, Vianney"]
[Black "Ollier, Pablo"]
[Result "1/2-1/2"]
[WhiteElo "2094"]
[BlackElo "2293"]
[PlyCount "96"]

1. d4 Nf6 2. Bf4 d5 3. e3 e6 4. Nd2 c5 5. c3 Nc6 6. Ngf3 Bd6 7. Bg3 O-O 8. Bd3
b6 9. Ne5 Bb7 10. f4 Ne7 11. Qf3 Nf5 12. Bf2 Be7 13. g4 Nd6 14. g5 Nfe4 15. h4
Nxd2 16. Kxd2 Ne4+ 17. Ke2 cxd4 18. exd4 Bd6 19. Qh3 Qc8 20. Rag1 Bxe5 21. fxe5
Ba6 22. h5 Bxd3+ 23. Qxd3 b5 24. Be1 Qc4 25. Qxc4 bxc4 26. Kd1 Rab8 27. Kc1 Kh8
28. h6 gxh6 29. Rxh6 Rg8 30. Rgh1 Rg7 31. R1h5 Kg8 32. Bh4 Rb7 33. Kc2 a5 34.
Kc1 a4 35. a3 Rb5 36. Kc2 Rb3 37. Kc1 Rb6 38. Kc2 Rb8 39. Kc1 Rb3 40. Kc2 f6
41. exf6 Rgb7 42. f7+ Kf8 43. Rxh7 Rxb2+ 44. Kd1 Nxc3+ 45. Kc1 Ne2+ 46. Kd1
Nc3+ 47. Kc1 Na2+ 48. Kd1 Nc3+ 1/2-1/2

[Event "Championnat de France - Accession"]
[Site "Belfort - SNPHHUATVS"]
[Date "2010.??.??"]
[Round "8.13"]
[White "Loiret, Stanislas"]
[Black "Castro, John"]
[Result "1/2-1/2"]
[WhiteElo "2270"]
[BlackElo "2138"]
[PlyCount "157"]

1. Nf3 Nf6 2. d4 g6 3. Bf4 Bg7 4. e3 d6 5. h3 O-O 6. Be2 Nc6 7. O-O Nd5 8. Bh2
e5 9. c4 Nde7 10. Nc3 exd4 11. exd4 Nf5 12. d5 Ncd4 13. Nxd4 Nxd4 14. Bd3 Bf5
15. Rc1 Qg5 16. Bxf5 Qxf5 17. Nb5 Nxb5 18. cxb5 Rac8 19. Qd2 Rfe8 20. Rc4 Re4
21. Rxe4 Qxe4 22. Rc1 Re8 23. Bg3 Re7 24. b3 h5 25. Rc4 Qb1+ 26. Rc1 Qe4 27.
Qg5 f6 28. Qd2 Kh7 29. f3 Qf5 30. Bf4 Qd7 31. a4 Qe8 32. Kf2 g5 33. Qd3+ Qg6
34. Qxg6+ Kxg6 35. Be3 b6 36. h4 g4 37. fxg4 hxg4 38. Rc2 f5 39. Bg5 Bf6 40.
Bxf6 Kxf6 41. g3 Kg6 42. Rc1 Kg7 43. Re1 Re5 44. Rc1 Re7 45. Rc4 Kg6 46. b4 Kf6
47. a5 Ke5 48. Ke3 Kxd5+ 49. Kd3 Ke5 50. a6 Ke6 51. Kd4 Rg7 52. Rc1 f4 53. Ke4
fxg3 54. Kf4 g2 55. Rg1 Kd5 56. h5 Kc4 57. Kf5 Kxb5 58. h6 Rh7 59. Kg6 Rxh6+
60. Kxh6 Kxa6 61. Kg5 Kb5 62. Rb1 c5 63. bxc5+ Kxc5 64. Kf4 b5 65. Ke3 Kc4 66.
Kd2 a5 67. Rg1 a4 68. Rxg2 d5 69. Rxg4+ d4 70. Rg8 a3 71. Kc2 d3+ 72. Kd2 b4
73. Ra8 Kb3 74. Kxd3 a2 75. Kd4 Kb2 76. Kc4 b3 77. Kb4 a1=Q 78. Rxa1 Kxa1 79.
Kxb3 1/2-1/2

[Event "Championnat de France - Accession"]
[Site "Belfort - SNPHHUATVS"]
[Date "2010.??.??"]
[Round "8.14"]
[White "Lamard, Guillaume"]
[Black "Sochacki, Wojtek"]
[Result "1-0"]
[WhiteElo "2143"]
[BlackElo "2268"]
[PlyCount "103"]

1. d4 d6 2. c4 e5 3. Nc3 exd4 4. Qxd4 Nc6 5. Qd2 Nf6 6. b3 a5 7. Bb2 a4 8. Nd5
Be7 9. f3 O-O 10. e4 Be6 11. Bd3 axb3 12. axb3 Bxd5 13. exd5 Rxa1+ 14. Bxa1 Ne5
15. Ne2 c6 16. dxc6 bxc6 17. Bc2 Ng6 18. O-O d5 19. Rd1 Re8 20. Bd4 Qb8 21. c5
Nd7 22. b4 Nde5 23. Ng3 Nc4 24. Qc3 Bf8 25. Nf5 Nf4 26. Bd3 Ne5 27. Bxe5 Rxe5
28. Nd4 Qe8 29. g3 Nxd3 30. Rxd3 g6 31. Kf2 Bh6 32. b5 Qa8 33. b6 Qa2+ 34. Nc2
d4 35. Qb3 Be3+ 36. Kg2 Qa8 37. b7 Qb8 38. Nxd4 Bxd4 39. Rxd4 Re2+ 40. Kf1 Re7
41. Rd8+ Qxd8 42. b8=Q Qxb8 43. Qxb8+ Kg7 44. Qb2+ Kg8 45. Qd4 Re6 46. f4 h5
47. Kg2 Kh7 48. h3 Kg8 49. g4 hxg4 50. hxg4 f5 51. Qd7 Rf6 52. g5 1-0

[Event "Championnat de France - Accession"]
[Site "Belfort - SNPHHUATVS"]
[Date "2010.??.??"]
[Round "8.15"]
[White "Di Nicolantonio, Lucas"]
[Black "Daurelle, Herve"]
[Result "0-1"]
[WhiteElo "2204"]
[BlackElo "2239"]
[PlyCount "118"]

1. e4 c6 2. c4 d5 3. cxd5 cxd5 4. exd5 Nf6 5. Nc3 Nxd5 6. Nf3 Nc6 7. Bb5 e6 8.
O-O Bd6 9. d4 O-O 10. Re1 Bd7 11. Bd3 Nxc3 12. bxc3 g6 13. Rb1 b6 14. Qd2 Rc8
15. Qh6 Qf6 16. Bg5 Qg7 17. Qh4 Rfe8 18. Bf6 Be7 19. Bxe7 Nxe7 20. Ne5 Bc6 21.
Nxc6 Nxc6 22. Ba6 Rb8 23. Qg3 Ne7 24. Rbc1 Qf6 25. a4 Nf5 26. Qf4 Kg7 27. Rcd1
Rbd8 28. Qc7 Qe7 29. Qe5+ Qf6 30. Bb5 Re7 31. f3 Qxe5 32. dxe5 Rxd1 33. Rxd1
Rc7 34. Rd3 g5 35. Kf2 Rc5 36. f4 gxf4 37. Kf3 Rxe5 38. Kxf4 Re2 39. Kf3 Rc2
40. g4 Ne7 41. h4 Ng6 42. Kg3 Rc1 43. g5 Ne5 44. Re3 Rg1+ 45. Kh3 f6 46. Be8 h6
47. gxf6+ Kxf6 48. Re2 Rc1 49. Re3 Rh1+ 50. Kg3 Rg1+ 51. Kh3 a6 52. Re2 Rc1 53.
Re3 Rh1+ 54. Kg3 Rg1+ 55. Kh3 Rd1 56. Bh5 Rd3 57. Rxd3 Nxd3 58. Kg3 Nc5 59. Be2
Ne4+ 0-1

[Event "Championnat de France - Accession"]
[Site "Belfort - SNPHHUATVS"]
[Date "2010.??.??"]
[Round "8.16"]
[White "Billon, Olivier"]
[Black "Manoeuvre, Antoine"]
[Result "1/2-1/2"]
[WhiteElo "2129"]
[BlackElo "2271"]
[PlyCount "44"]

1. e4 e6 2. Nf3 d5 3. Nc3 Nf6 4. e5 Nfd7 5. d4 c5 6. dxc5 Nc6 7. Bf4 Bxc5 8.
Bd3 f6 9. exf6 Nxf6 10. Qe2 O-O 11. O-O-O Bd7 12. Ne5 Nxe5 13. Bxe5 Qb6 14. f4
Bc6 15. Nb5 Be3+ 16. Kb1 Bxb5 17. Bxb5 Ne4 18. g3 Rf5 19. Rd3 d4 20. Bxd4 Bxd4
21. Qxe4 Rd8 22. a4 a6 1/2-1/2

[Event "Championnat de France - Accession"]
[Site "Belfort - SNPHHUATVS"]
[Date "2010.??.??"]
[Round "8.17"]
[White "Blum, Nicolas"]
[Black "Velten, Paul"]
[Result "0-1"]
[WhiteElo "2263"]
[BlackElo "2222"]
[PlyCount "106"]

1. e4 e6 2. d4 d5 3. Nc3 Nf6 4. e5 Nfd7 5. f4 c5 6. Nf3 Nc6 7. Be3 a6 8. Qd2 b5
9. a3 Bb7 10. Ne2 Qc7 11. Ng3 O-O-O 12. dxc5 Nxc5 13. Nd4 h5 14. Nxc6 Qxc6 15.
Ne2 Ne4 16. Nd4 Nxd2 17. Nxc6 Bxc6 18. Bxd2 Bc5 19. Bd3 Kb7 20. Ke2 Bd4 21.
Rab1 f6 22. Be3 fxe5 23. Bxd4 exd4 24. Rbe1 Rdf8 25. Rhf1 Kc7 26. h4 Kd6 27.
Kf3 Rf6 28. g3 Rb8 29. Re5 Be8 30. Rg5 Rb7 31. Re1 a5 32. Ke2 g6 33. Kd2 Kc5
34. Ra1 Kd6 35. Re1 Kc5 36. Ra1 Kd6 37. Re5 Rf8 38. Rae1 Re7 39. Rg5 Rg8 40.
Rge5 Rf8 41. Bf1 Bd7 42. Bh3 Rc8 43. Kd3 Rc4 44. Bg2 b4 45. Bxd5 exd5 46. Rxe7
Bf5+ 47. Kd2 Rxc2+ 48. Kd1 Rxb2 49. axb4 axb4 50. Kc1 Rc2+ 51. Kd1 d3 52. R1e5
Bg4+ 53. Ke1 d2+ 0-1

[Event "Championnat de France - Accession"]
[Site "Belfort - SNPHHUATVS"]
[Date "2010.??.??"]
[Round "8.18"]
[White "Buscara, Sevan"]
[Black "Briet, Antoine"]
[Result "1-0"]
[WhiteElo "2259"]
[BlackElo "2212"]
[PlyCount "67"]

1. d4 Nf6 2. Bf4 c5 3. e3 d5 4. c3 Nc6 5. Nd2 Bf5 6. Ngf3 e6 7. Be2 Bd6 8. Qb3
Rb8 9. dxc5 Bxf4 10. exf4 Qa5 11. Qb5 Qc7 12. g3 O-O 13. O-O b6 14. Nb3 Nd7 15.
cxb6 Rxb6 16. Qa4 Bc2 17. Qa3 Rfb8 18. Nfd2 a5 19. Rac1 Bg6 20. Nf3 a4 21. Qxa4
Qb7 22. f5 Bxf5 23. Qf4 Ra8 24. c4 dxc4 25. Bxc4 Rxa2 26. g4 Bg6 27. Rfd1 Rxb2
28. Qd6 Ncb8 29. Qf4 R2xb3 30. Bxb3 Rxb3 31. Rc7 Qxf3 32. Rc8+ Nf8 33. Rxf8+
Kxf8 34. Qd6+ 1-0

[Event "Championnat de France - Accession"]
[Site "Belfort - SNPHHUATVS"]
[Date "2010.??.??"]
[Round "8.20"]
[White "Nass, Emile"]
[Black "Netzer, Jacques"]
[Result "1/2-1/2"]
[WhiteElo "2248"]
[BlackElo "2208"]
[PlyCount "27"]

1. Nf3 Nf6 2. d4 d6 3. Bg5 e6 4. Nbd2 h6 5. Bxf6 Qxf6 6. e4 e5 7. d5 g6 8. a4
Bg7 9. a5 O-O 10. b4 Qe7 11. c4 f5 12. Bd3 f4 13. Qb3 g5 14. Ng1 1/2-1/2

[Event "Championnat de France - Accession"]
[Site "Belfort - SNPHHUATVS"]
[Date "2010.??.??"]
[Round "9.1"]
[White "Bujisho, Benjamin"]
[Black "Friess, Nicolas"]
[Result "1/2-1/2"]
[WhiteElo "2418"]
[BlackElo "2246"]
[PlyCount "59"]

1. d4 d5 2. c4 c6 3. Nc3 Nf6 4. Nf3 a6 5. e3 b5 6. b3 Bg4 7. h3 Bxf3 8. Qxf3 e5
9. dxe5 Bb4 10. Bd2 Bxc3 11. Bxc3 Ne4 12. Bb4 bxc4 13. bxc4 Qb6 14. Rb1 a5 15.
cxd5 Nc3 16. e6 Ra7 17. Bxc3 Qxb1+ 18. Qd1 Qxd1+ 19. Kxd1 cxd5 20. Bxg7 Rg8 21.
Bb5+ Ke7 22. Bd4 Rb7 23. exf7 Rxg2 24. a4 Rxf2 25. Rg1 Rxf7 26. Rg5 Kd6 27. Rh5
Rbe7 28. Rh6+ Re6 29. Bc5+ Ke5 30. Bd4+ 1/2-1/2

[Event "Championnat de France - Accession"]
[Site "Belfort - SNPHHUATVS"]
[Date "2010.??.??"]
[Round "9.2"]
[White "Moussard, Jules"]
[Black "Shirazi, Kamran"]
[Result "0-1"]
[WhiteElo "2372"]
[BlackElo "2428"]
[PlyCount "144"]

1. g3 e5 2. c4 h5 3. Nc3 h4 4. g4 d5 5. cxd5 Bxg4 6. d4 Nd7 7. h3 Bh5 8. dxe5
Nxe5 9. Qa4+ Nd7 10. Bf4 a6 11. Bg2 Bd6 12. Nf3 Bxf3 13. Bxf3 Ngf6 14. Rg1 Kf8
15. Bg5 Ne5 16. Bh1 Qc8 17. Bxh4 Nd3+ 18. Kd2 Nxb2 19. Qd4 b5 20. Bxf6 Nc4+ 21.
Kc2 gxf6 22. Rg4 Rxh3 23. Rag1 Qf5+ 24. Be4 Qe5 25. Qxe5 Bxe5 26. e3 Rd8 27.
Rg8+ Ke7 28. Rxd8 Kxd8 29. Rg8+ Ke7 30. Nd1 Rh2 31. Kd3 Nd6 32. Bf3 a5 33. Ra8
a4 34. Ra7 Kd7 35. e4 f5 36. exf5 Rh4 37. Ne3 Rd4+ 38. Kc2 Rf4 39. Be2 Bd4 40.
Ra5 Bb6 41. Ra8 Rxf2 42. Kd3 Nc4 43. Nd1 Rf4 44. Nc3 Rd4+ 45. Kc2 b4 46. Nxa4
Rd2+ 47. Kb3 Na5+ 48. Rxa5 Bxa5 49. Nc5+ Ke8 50. Bb5+ Kf8 51. Bc4 Bb6 52. Kxb4
Rf2 53. Nd7+ Ke7 54. Nxb6 cxb6 55. Kb5 Rf4 56. Bb3 Kd6 57. Kxb6 Rxf5 58. Bc4
Rf4 59. Bb5 Kxd5 60. Bc6+ Kd6 61. a4 Rc4 62. Bb5 Rc8 63. Kb7 Rc7+ 64. Kb6 Rc8
65. Kb7 Rf8 66. a5 Kc5 67. Bd7 f5 68. Be6 Rf6 69. Bc8 f4 70. a6 Rf7+ 71. Kb8
Kb6 72. Bb7 Rf8+ 0-1

[Event "Championnat de France - Accession"]
[Site "Belfort - SNPHHUATVS"]
[Date "2010.??.??"]
[Round "9.3"]
[White "Monsieux, Cyril"]
[Black "Dubessay, Bastien"]
[Result "1/2-1/2"]
[WhiteElo "2300"]
[BlackElo "2272"]
[PlyCount "102"]

1. e4 c5 2. Nf3 d6 3. d4 cxd4 4. Nxd4 Nf6 5. Nc3 Nc6 6. Bg5 Bd7 7. Bc4 a6 8.
Qd2 e6 9. Bb3 Be7 10. O-O b5 11. Nxc6 Bxc6 12. Qd4 O-O 13. a4 Qc7 14. axb5 axb5
15. f3 Qb7 16. Na2 h6 17. Be3 e5 18. Qd2 d5 19. exd5 Nxd5 20. Bxd5 Bxd5 21. Nb4
Bc4 22. Rfd1 Rxa1 23. Rxa1 Ra8 24. Rd1 Rd8 25. Nd3 e4 26. fxe4 Qxe4 27. b3 Be6
28. Re1 Bh4 29. Bf2 Bxf2+ 30. Qxf2 Qd4 31. Qxd4 Rxd4 32. Re5 Rd5 33. Rxd5 Bxd5
34. Nb4 Be4 35. c4 bxc4 36. bxc4 f5 37. Kf2 Kf7 38. g3 Ke6 39. Ke3 Ke5 40. Nd3+
Kd6 41. Kd4 Bxd3 42. Kxd3 Kc5 43. h3 g5 44. h4 gxh4 45. gxh4 h5 46. Ke3 Kxc4
47. Kf4 Kd4 48. Kxf5 Kd5 49. Kf6 Kd6 50. Kg5 Ke5 51. Kxh5 Kf5 1/2-1/2

[Event "Championnat de France - Accession"]
[Site "Belfort - SNPHHUATVS"]
[Date "2010.??.??"]
[Round "9.4"]
[White "Sochacki, Christophe"]
[Black "Crut, Aurelien"]
[Result "1-0"]
[WhiteElo "2365"]
[BlackElo "2314"]
[PlyCount "133"]

1. e4 e6 2. d4 d5 3. Nc3 Bb4 4. e5 c5 5. a3 Bxc3+ 6. bxc3 Qa5 7. Bd2 Qa4 8. Qg4
g6 9. Qd1 b6 10. h4 h5 11. Bg5 Ba6 12. Bxa6 Qxa6 13. Ne2 Nc6 14. Rh3 Nge7 15.
Kf1 Nf5 16. Kg1 cxd4 17. cxd4 Kd7 18. c3 Rac8 19. Rf3 Rhf8 20. Rf4 Na5 21. f3
Qc4 22. Kf2 Qb3 23. Qxb3 Nxb3 24. Rh1 Na5 25. g4 Ne7 26. Ke3 Nc4+ 27. Kd3 Nxa3
28. Ng3 Nb5 29. Rc1 Rc4 30. Kd2 Ra4 31. gxh5 gxh5 32. Nxh5 Nf5 33. Nf6+ Kc6 34.
h5 Na3 35. Kd3 Nc4 36. h6 Rh8 37. Rg4 Ra2 38. Rh1 Rf2 39. Bc1 Rxf3+ 40. Ke2
Rxc3 41. Rg8 Nxd4+ 42. Kd1 Rd3+ 43. Ke1 Rc3 44. Bf4 Rxh6 45. Rxh6 Rb3 46. Rc8+
Kb5 47. Ne8 Nxe5 48. Nd6+ Kb4 49. Bxe5 Nf3+ 50. Kd1 Nxe5 51. Kc2 Nc4 52. Nxc4
Rc3+ 53. Kd2 dxc4 54. Rf6 Rd3+ 55. Kc1 Rc3+ 56. Kd2 Rd3+ 57. Ke2 Rd7 58. Rf1
Rd3 59. Rxf7 a5 60. Rxc4+ Kxc4 61. Rc7+ Kb3 62. Kxd3 b5 63. Rc3+ Kb2 64. Rc5 a4
65. Rxb5+ Ka2 66. Kc2 a3 67. Rb3 1-0

[Event "Championnat de France - Accession"]
[Site "Belfort - SNPHHUATVS"]
[Date "2010.??.??"]
[Round "9.5"]
[White "Riff, Vincent"]
[Black "Mancini, Mario"]
[Result "1-0"]
[WhiteElo "2334"]
[BlackElo "2256"]
[PlyCount "135"]

1. d4 Nf6 2. c4 e6 3. Nc3 Bb4 4. Qc2 Nc6 5. Nf3 d6 6. Bd2 O-O 7. a3 Bxc3 8.
Bxc3 Re8 9. Rd1 Qe7 10. e3 e5 11. d5 Nb8 12. e4 Bg4 13. Be2 Nbd7 14. Ng1 Nf8
15. f3 Bd7 16. g3 Ng6 17. Bd3 Rf8 18. Kd2 a5 19. Kc1 Rfb8 20. h4 b5 21. cxb5
Bxb5 22. h5 Nf8 23. h6 g6 24. Ne2 N8d7 25. f4 Bxd3 26. Rxd3 Nc5 27. Re3 Nfd7
28. Rf1 f6 29. Kb1 a4 30. Nc1 Rb5 31. Bb4 Rab8 32. Na2 R5b7 33. f5 g5 34. Rc3
Qe8 35. g4 Ra8 36. Bxc5 Nxc5 37. Rxc5 dxc5 38. Qxc5 Qb5 39. Qxb5 Rxb5 40. Rc1
Rb7 41. Nb4 Kf7 42. Rc4 Ke7 43. Nd3 Kd8 44. Nc5 Rba7 45. Ne6+ Kd7 46. Rc6 Rb8
47. Nc5+ Ke7 48. Re6+ Kf7 49. Rxf6+ Kxf6 50. Nd7+ Ke7 51. Nxb8 Ra8 52. Nc6+ Kd6
53. Kc2 Rf8 54. b4 axb3+ 55. Kxb3 Rf6 56. a4 Kc5 57. Nxe5 Rxh6 58. Kc3 Ra6 59.
Nd3+ Kd6 60. e5+ Ke7 61. f6+ Kf7 62. Nc5 Ra8 63. Kd4 h5 64. gxh5 g4 65. Nd7 g3
66. e6+ Ke8 67. f7+ Ke7 68. Ke3 1-0

[Event "Championnat de France - Accession"]
[Site "Belfort - SNPHHUATVS"]
[Date "2010.??.??"]
[Round "9.6"]
[White "Song, Julien"]
[Black "Favarel, Julien"]
[Result "1-0"]
[WhiteElo "2347"]
[BlackElo "2279"]
[PlyCount "61"]

1. d4 Nf6 2. c4 g6 3. Nc3 Bg7 4. Nf3 d6 5. Bg5 h6 6. Bh4 c5 7. d5 g5 8. Bg3 Nh5
9. e3 Qa5 10. Qc2 Nd7 11. Rc1 Nb6 12. Nd2 Bxc3 13. Qxc3 Qxc3 14. Rxc3 Nxg3 15.
hxg3 Kf8 16. f4 Kg7 17. Kf2 f6 18. Be2 e6 19. dxe6 Bxe6 20. Ne4 Rad8 21. Rd1
Nc8 22. g4 Rhe8 23. Bf3 gxf4 24. exf4 b6 25. Ng3 Ne7 26. Nh5+ Kf7 27. f5 Bc8
28. Rcd3 d5 29. cxd5 Bb7 30. d6 Bxf3 31. gxf3 1-0

[Event "Championnat de France - Accession"]
[Site "Belfort - SNPHHUATVS"]
[Date "2010.??.??"]
[Round "9.7"]
[White "Daurelle, Herve"]
[Black "Lerch, Patrice"]
[Result "1/2-1/2"]
[WhiteElo "2239"]
[BlackElo "2340"]
[PlyCount "90"]

1. e4 c5 2. Nf3 Nc6 3. d4 cxd4 4. Nxd4 g6 5. Nc3 Bg7 6. Be3 Nf6 7. Bc4 Qa5 8.
O-O O-O 9. Nb3 Qc7 10. Be2 d6 11. f4 b6 12. Bf3 Ba6 13. Re1 Rac8 14. Qd2 Bc4
15. Rad1 b5 16. Nd5 Nxd5 17. exd5 Nd8 18. Bd4 Bxb3 19. cxb3 Bxd4+ 20. Qxd4 a5
21. b4 axb4 22. Qxb4 Qa7+ 23. Kh1 Rc4 24. Qxb5 Rxf4 25. a3 e5 26. dxe6 Nxe6 27.
Rxd6 Nd4 28. Qb6 Qxb6 29. Rxb6 Nxf3 30. Rf1 Re8 31. gxf3 Re2 32. Kg1 Rd4 33.
Rf2 Rd1+ 34. Kg2 Ree1 35. f4 h5 36. Rb3 Kg7 37. Rbf3 Rg1+ 38. Kh3 Kf6 39. Rg3
Rge1 40. b4 Rb1 41. Rc3 Kf5 42. Rc5+ Kf6 43. Rc6+ Kf5 44. Rc5+ Kf6 45. Rc6+ Kf5
1/2-1/2

[Event "Championnat de France - Accession"]
[Site "Belfort - SNPHHUATVS"]
[Date "2010.??.??"]
[Round "9.8"]
[White "Saucey, Michel"]
[Black "Ribreau, Herve"]
[Result "1-0"]
[WhiteElo "2306"]
[BlackElo "2238"]
[PlyCount "89"]

1. d4 Nf6 2. c4 c5 3. d5 b5 4. Nf3 g6 5. Nfd2 Bg7 6. e4 bxc4 7. Nc3 d6 8. Nxc4
O-O 9. Be2 Ba6 10. O-O Nbd7 11. Bd2 Bxc4 12. Bxc4 Rb8 13. Rb1 Ne8 14. Nb5 Ne5
15. Be2 a6 16. Na3 f5 17. f4 Nd7 18. exf5 gxf5 19. Qc2 Qc8 20. Bf3 Ndf6 21. Nc4
Nc7 22. Ne3 Kh8 23. Nxf5 Nfxd5 24. Nxg7 Kxg7 25. Bxd5 Nxd5 26. f5 Nf6 27. Rbe1
Rf7 28. Bc3 d5 29. Be5 Rb4 30. a3 Rc4 31. Qd2 Qc6 32. Rd1 d4 33. Qe2 Qd5 34.
Rfe1 Kf8 35. Bxf6 exf6 36. Qe8+ Kg7 37. Rd3 Rc2 38. Rg3+ Kh6 39. Qg8 Qxf5 40.
Kh1 Re2 41. Rg1 Re3 42. Rxe3 dxe3 43. Qxf7 e2 44. Qc4 Qf2 45. Qc1+ 1-0

[Event "Championnat de France - Accession"]
[Site "Belfort - SNPHHUATVS"]
[Date "2010.??.??"]
[Round "9.9"]
[White "Lamard, Guillaume"]
[Black "Saada, Julien"]
[Result "1/2-1/2"]
[WhiteElo "2143"]
[BlackElo "2304"]
[PlyCount "107"]

1. d4 d5 2. Nf3 Nf6 3. c4 e6 4. g3 Be7 5. Bg2 O-O 6. O-O dxc4 7. Ne5 Nc6 8.
Bxc6 bxc6 9. Nxc6 Qe8 10. Nxe7+ Qxe7 11. Qa4 c5 12. Qa3 e5 13. Qxc5 Qxc5 14.
dxc5 Bh3 15. Rd1 Rfc8 16. Be3 Ng4 17. Bg5 Rxc5 18. f3 Nf6 19. Nc3 Be6 20. Rd6
Ne8 21. Rd2 f6 22. Be3 Rc6 23. Rad1 a6 24. Na4 Rac8 25. Kf2 Kf7 26. Rd8 Rxd8
27. Rxd8 Rc8 28. Rd2 Rc6 29. Bc5 Rc7 30. Ba3 Rc6 31. Nc5 Nd6 32. Bb4 Bc8 33.
Na4 Nb7 34. Rc2 Bd7 35. Nc3 Be6 36. Ne4 Bd5 37. Nd2 Ke8 38. e4 Be6 39. Nf1 Nc5
40. Bxc5 Rxc5 41. Ne3 Kd7 42. Ke2 Rc6 43. h4 Kc7 44. h5 h6 45. g4 Kb6 46. Nf5
Bxf5 47. gxf5 Kc5 48. Rd2 Rd6 49. Rc2 Kb4 50. Rc3 a5 51. Ra3 a4 52. Rc3 Rd4 53.
Ra3 Rd7 54. Rc3 1/2-1/2

[Event "Championnat de France - Accession"]
[Site "Belfort - SNPHHUATVS"]
[Date "2010.??.??"]
[Round "9.10"]
[White "Philippe, Christophe"]
[Black "Delorme, Laurie"]
[Result "1-0"]
[WhiteElo "2431"]
[BlackElo "2237"]
[PlyCount "45"]

1. d4 d5 2. Nf3 Nf6 3. e3 e6 4. Bd3 c5 5. b3 cxd4 6. exd4 Bd6 7. O-O O-O 8. Bb2
b6 9. Qe2 Bb7 10. Nbd2 Qe7 11. a3 a5 12. Ne5 Rc8 13. f4 Ba6 14. c4 a4 15. b4
dxc4 16. Ndxc4 Bxc4 17. Bxc4 Qb7 18. Nxf7 Kxf7 19. Qxe6+ Kf8 20. Qxd6+ Qe7 21.
Qxe7+ Kxe7 22. Rfe1+ Kf8 23. Rac1 1-0

[Event "Championnat de France - Accession"]
[Site "Belfort - SNPHHUATVS"]
[Date "2010.??.??"]
[Round "9.11"]
[White "Demuth, Adrien"]
[Black "Domenech, Vianney"]
[Result "1-0"]
[WhiteElo "2394"]
[BlackElo "2094"]
[PlyCount "63"]

1. d4 d5 2. c4 c6 3. Nf3 Nf6 4. Nc3 a6 5. c5 Bf5 6. Bf4 e6 7. e3 Nbd7 8. Nd2
Be7 9. Be2 O-O 10. g4 Be4 11. Rg1 b6 12. b4 bxc5 13. bxc5 Qa5 14. Rc1 Ne8 15.
Qa4 Qxa4 16. Nxa4 Ra7 17. Nb6 Bd8 18. Nxd7 Rxd7 19. Nxe4 dxe4 20. Bxa6 Ra7 21.
Bc4 Nf6 22. Ke2 Nd5 23. Bd6 Re8 24. Rc2 Ra3 25. Bxd5 exd5 26. Rb1 Ba5 27. Rb6
Rc8 28. Rcb2 h5 29. gxh5 Kh7 30. Ra6 Kh6 31. Kf1 Kxh5 32. Rb7 1-0

[Event "Championnat de France - Accession"]
[Site "Belfort - SNPHHUATVS"]
[Date "2010.??.??"]
[Round "9.12"]
[White "Ollier, Pablo"]
[Black "Camus, Berenger"]
[Result "1-0"]
[WhiteElo "2293"]
[BlackElo "2212"]
[PlyCount "73"]

1. d4 d5 2. c4 dxc4 3. e3 e5 4. Nc3 exd4 5. exd4 Nf6 6. Bxc4 Be7 7. Nf3 O-O 8.
h3 a6 9. a4 Bf5 10. O-O Nbd7 11. Nh4 Bg6 12. Nxg6 hxg6 13. Re1 c5 14. dxc5 Bxc5
15. Qf3 Qc7 16. Ba2 Rfe8 17. Bf4 Bd6 18. Rxe8+ Rxe8 19. Nd5 Qb8 20. Nxf6+ gxf6
21. Qd5 Bxf4 22. Qxd7 Rf8 23. Rd1 Bh2+ 24. Kh1 Be5 25. Qe7 Kg7 26. Rd7 Qc8 27.
g3 Qc1+ 28. Kg2 Qe1 29. Bd5 b5 30. axb5 axb5 31. b3 Bc3 32. Qc5 b4 33. Qa7 Qe8
34. Re7 Qd8 35. Bxf7 Kh6 36. Qe3+ g5 37. Qe4 1-0

[Event "Championnat de France - Accession"]
[Site "Belfort - SNPHHUATVS"]
[Date "2010.??.??"]
[Round "9.13"]
[White "Stephan, Victor"]
[Black "Loiret, Stanislas"]
[Result "0-1"]
[WhiteElo "2234"]
[BlackElo "2270"]
[PlyCount "70"]

1. d4 Nf6 2. c4 e6 3. Nc3 Bb4 4. Qc2 Nc6 5. Nf3 d6 6. Bg5 h6 7. Bd2 e5 8. dxe5
dxe5 9. O-O-O Qe7 10. a3 Bxc3 11. Bxc3 a5 12. e3 O-O 13. h3 Nd7 14. g4 Nc5 15.
Be2 f5 16. Rhg1 Nb4 17. axb4 axb4 18. Kb1 bxc3 19. Qxc3 Ne4 20. Qxe5 Qxe5 21.
Nxe5 Nxf2 22. Rd4 Nxh3 23. Rg3 fxg4 24. Bxg4 Bxg4 25. Rgxg4 Rae8 26. Rd7 Ng5
27. Ng6 Rf1+ 28. Ka2 Rf7 29. Rd1 Kh7 30. Nf4 Rxe3 31. Nd5 Re4 32. Rg3 Rxc4 33.
Rh1 Rf5 34. Ne3 Ra5+ 35. Kb3 Rf4 0-1

[Event "Championnat de France - Accession"]
[Site "Belfort - SNPHHUATVS"]
[Date "2010.??.??"]
[Round "9.14"]
[White "Velten, Paul"]
[Black "Buscara, Sevan"]
[Result "1/2-1/2"]
[WhiteElo "2222"]
[BlackElo "2259"]
[PlyCount "26"]

1. d4 Nf6 2. Nf3 c5 3. c4 cxd4 4. Nxd4 g6 5. Nc3 Bg7 6. e4 d6 7. h3 O-O 8. Be3
Bd7 9. Be2 Nc6 10. O-O a6 11. Qc2 Rc8 12. Nb3 Nb4 13. Qd1 Be6 1/2-1/2

[Event "Championnat de France - Accession"]
[Site "Belfort - SNPHHUATVS"]
[Date "2010.??.??"]
[Round "9.15"]
[White "Bonn, Thomas"]
[Black "Billon, Olivier"]
[Result "1-0"]
[WhiteElo "2250"]
[BlackElo "2129"]
[PlyCount "67"]

1. e4 c5 2. Nc3 Nc6 3. Bb5 Na5 4. a4 g6 5. d4 a6 6. Be2 cxd4 7. Qxd4 Nf6 8. e5
Nc6 9. Qf4 Ng8 10. Nf3 Bg7 11. O-O Nh6 12. Rd1 O-O 13. Nd5 d6 14. exd6 Qxd6 15.
Qxd6 exd6 16. Bxh6 Bxh6 17. Nb6 Rb8 18. Nxc8 Rbxc8 19. Rxd6 Rfe8 20. Kf1 Ne5
21. Nxe5 Rxe5 22. c3 Rce8 23. Bf3 b5 24. Rxa6 bxa4 25. R6xa4 Bd2 26. g3 Rb8 27.
Ra8 Reb5 28. Ke2 Bg5 29. Rxb8+ Rxb8 30. Ra8 Rxa8 31. Bxa8 Kf8 32. Kd3 Ke7 33.
b4 Kd6 34. c4 1-0

[Event "Championnat de France - Accession"]
[Site "Belfort - SNPHHUATVS"]
[Date "2010.??.??"]
[Round "9.16"]
[White "Castro, John"]
[Black "Nass, Emile"]
[Result "1/2-1/2"]
[WhiteElo "2138"]
[BlackElo "2248"]
[PlyCount "87"]

1. e4 e6 2. d4 d5 3. Nc3 Nf6 4. Bg5 Bb4 5. e5 h6 6. Bd2 Bxc3 7. bxc3 Ne4 8. Qg4
Kf8 9. Qf4 c5 10. Bd3 Nxd2 11. Qxd2 c4 12. Be2 Qa5 13. h4 Nc6 14. Rh3 Bd7 15.
Bh5 b5 16. Rf3 Be8 17. Ne2 Rb8 18. Qf4 Ke7 19. Kf1 b4 20. Qc1 Qa3 21. Rb1 Qxc1+
22. Nxc1 a5 23. Rg3 g6 24. Bd1 Bd7 25. Ne2 bxc3 26. Rxb8 Rxb8 27. Rxc3 Rb1 28.
Ke1 Nb4 29. Kd2 Nc6 30. Ra3 Rb8 31. f4 f6 32. Rg3 Kf7 33. Kc1 Nb4 34. Ra3 Nc6
35. Rg3 Ne7 36. Ra3 a4 37. Ng3 fxe5 38. fxe5 Nc6 39. Ne2 Nb4 40. Kd2 Ke7 41.
Nc1 Nc6 42. Ne2 Rb2 43. Kc1 Rb8 44. Kd2 1/2-1/2

[Event "Championnat de France - Accession"]
[Site "Belfort - SNPHHUATVS"]
[Date "2010.??.??"]
[Round "9.17"]
[White "Manoeuvre, Antoine"]
[Black "Di Nicolantonio, Lucas"]
[Result "1/2-1/2"]
[WhiteElo "2271"]
[BlackElo "2204"]
[PlyCount "57"]

1. d4 d5 2. c4 c6 3. Nf3 Nf6 4. Nc3 e6 5. Bg5 h6 6. Bxf6 Qxf6 7. e3 Nd7 8. Bd3
dxc4 9. Bxc4 g6 10. O-O Bg7 11. Qc2 O-O 12. Ne4 Qe7 13. Bb3 e5 14. Nc3 Kh7 15.
Rad1 exd4 16. exd4 Nf6 17. Rfe1 Qd6 18. Ne5 Bf5 19. Qe2 Nd5 20. Nxd5 cxd5 21.
Qb5 Be6 22. Rc1 Rab8 23. Qa5 a6 24. Qc5 Qd8 25. Qc7 Qf6 26. Qb6 Qf4 27. Rcd1
Rfc8 28. Re3 Bxe5 29. dxe5 1/2-1/2